000 00410nam a2200181Ia 4500
008 180207s9999 xx 000 0 und d
020 _a9780744589207
050 _bL674 2001
100 _aLewis, Kim
245 _aLittle baa /
245 _cKim Lewis.
260 _aLondon :
260 _bWalker Books,
260 _c2001
300 _aunpaged :
300 _bcolor illustration ;
300 _c27cm.
999 _c355339
_d355339